Los nuevos conquistadores : (Registro nro. 83835)
[ vista simple ]
| 000 -CABECERA | |
|---|---|
| Longitud fija campo de control | 01302nam a2200313 4500 |
| 003 - IDENTIFICADOR DEL NÚMERO DE CONTROL | |
| Identificador del número de control | EC-QuCCB |
| 005 - FECHA Y HORA DE LA ÚLTIMA TRANSACCIÓN | |
| Fecha y hora de la última transacción | 20260414094724.0 |
| 007 - CAMPO FIJO DE DESCRIPCIÓN FÍSICA--INFORMACIÓN GENERAL | |
| Campo fijo de descripción física | ta |
| 008 - DATOS DE LONGITUD FIJA--INFORMACIÓN GENERAL | |
| Códigos de información de longitud fija | 260413s1981 ec ||||gr|||| 001 0 spa d |
| 040 ## - FUENTE DE LA CATALOGACIÓN | |
| Centro catalogador de origen | EC-QuCCB |
| 041 ## - CÓDIGO DE LENGUA | |
| Código de lengua del texto;banda sonora o título independiente | spa |
| 082 ## - NÚMERO DE LA CLASIFICACIÓN DECIMAL DEWEY | |
| Número de clasificación | 325.3 |
| Número de documento | C227 |
| 100 1# - ENTRADA PRINCIPAL--NOMBRE DE PERSONA | |
| Nombre de persona | Cano, Ginette, |
| 9 (RLIN) | 44526 |
| 245 ## - MENCIÓN DE TÍTULO | |
| Título | Los nuevos conquistadores : |
| Parte restante del título | el Instituto Lingüístico de Verano en América Latina |
| Mención de responsabilidad, etc. | Ginette Cano, Karl Neufeldt, Heinz Schulze [y otros cuatro] |
| 250 ## - MENCIÓN DE EDICIÓN | |
| Mención de edición | Primera edición |
| 260 ## - PUBLICACIÓN, DISTRIBUCIÓN, ETC. (PIE DE IMPRENTA) | |
| Lugar de publicación, distribución, etc. | Quito, Ecuador : |
| Nombre del editor, distribuidor, etc. | CEDIS, |
| -- | FENOC, |
| Fecha de publicación, distribución, etc. | 1981 |
| 300 ## - DESCRIPCIÓN FÍSICA | |
| Extensión | 385 páginas : |
| Otros detalles físicos | ilustraciones ; |
| Dimensiones | 21 cm |
| 336 ## - TIPO DE CONTENIDO | |
| Content type term | texto |
| Content type code | txt |
| 337 ## - TIPO DE MEDIO | |
| Media type term | no mediado |
| Media type code | n |
| 338 ## - TIPO DE PORTADOR | |
| Carrier type term | volumen |
| Carrier type code | nc |
| 505 ## - NOTA DE CONTENIDO CON FORMATO | |
| Nota de contenido con formato preestablecido | Antecedentes del trabajo -- La fundación de WBT -- La expansión del ILV/WBT -- La doctrina religiosa -- Comentarios sobre los indígenas en América Latina -- Métodos sobre la influencia a los indígenas -- El trabajo en América Latina. Chile -- Panamá -- Venezuela -- Brasil -- México -- Colombia -- Perú -- Ecuador -- Bolivia |
| 590 ## - NOTA LOCAL (RLIN) | |
| Nota local | bgg |
| 650 #4 - PUNTO DE ACCESO ADICIONAL DE MATERIA--TÉRMINO DE MATERIA | |
| Nombre de materia o nombre geográfico como elemento de entrada | Aculturación |
| 9 (RLIN) | 10850 |
| Nombre de materia o nombre geográfico como elemento de entrada | Indígenas de América del Sur |
| 9 (RLIN) | 13341 |
| 700 1# - PUNTO DE ACCESO ADICIONAL--NOMBRE DE PERSONA | |
| Nombre de persona | Neufeldt, Karl, |
| Fechas asociadas al nombre | 1947- |
| 9 (RLIN) | 44527 |
| Nombre de persona | Neufeldt, Karl, |
| Fechas asociadas al nombre | 1947- |
| 9 (RLIN) | 44527 |
| 942 ## - ELEMENTOS DE PUNTO DE ACCESO ADICIONAL (KOHA) | |
| Fuente de clasificaión o esquema | Dewey Decimal Classification |
| Koha [por defecto] tipo de item | Monografía |
| Suprimido | Perdido | Fuente de clasificación o esquema | Estropeado | Restricciones de uso | No se presta | Koha Colección | Localización (Biblioteca) | Localización actual | Localización en estanterías | Fecha adquisición | Fuente de adquisición | Préstamos totales | Clasificación completa | Designación de pieza (código de barras) | Fecha última consulta | Número de ejemplar | Fecha del precio de reemplazo | Tipo de item de Koha |
|---|---|---|---|---|---|---|---|---|---|---|---|---|---|---|---|---|---|---|
| Disponible | Dewey Decimal Classification | Sin daños | Sin restricciones de uso | Disponible para préstamo | CIENCIAS SOCIALES | Biblioteca y Archivo de la CCE | Biblioteca y Archivo de la CCE | CIENCIAS SOCIALES | 13/04/2026 | Donación Dietlind Brehme | 325.3 C227 | 0006334 | 13/04/2026 | Ej. 1 | 13/04/2026 | Monografía |























